True spirituality (Record no. 1340)

MARC details
000 -LEADER
fixed length control field 00697cam a2200241 4500
001 - CONTROL NUMBER
control field 1729536
003 - CONTROL NUMBER IDENTIFIER
control field GBCCL
005 - DATE AND TIME OF LATEST TRANSACTION
control field 20241126110359.0
008 - FIXED-LENGTH DATA ELEMENTS--GENERAL INFORMATION
fixed length control field 720516s1971 ilu 000 0 eng
010 ## -
-- 73183269
020 ## - INTERNATIONAL STANDARD BOOK NUMBER
International Standard Book Number 0842373500
-- 0842373519 (pbk.)
040 ## - CATALOGING SOURCE
Original cataloging agency DLC
Transcribing agency DLC
Modifying agency DLC
050 00 -
-- BV4501.2
-- .S285
082 00 - DEWEY DECIMAL CLASSIFICATION NUMBER
Classification number 248.4
Item number SCH
100 1# - MAIN ENTRY--PERSONAL NAME
Personal name Schaeffer, Francis A.
Fuller form of name (Francis August)
9 (RLIN) 441
245 10 - TITLE STATEMENT
Title True spirituality
Statement of responsibility, etc. [by] Francis A. Schaeffer.
260 ## - PUBLICATION, DISTRIBUTION, ETC.
Place of publication, distribution, etc. Wheaton, Ill.,
Name of publisher, distributor, etc. Tyndale House Publishers
Date of publication, distribution, etc. [1971]
300 ## - PHYSICAL DESCRIPTION
Extent 180 p.
Dimensions 22 cm.
350 ## - PRICE (NR) (BK AM CF MU VM SE) [OBSOLETE]
Price $3.50
650 #0 - SUBJECT ADDED ENTRY--TOPICAL TERM
Topical term or geographic name entry element Spirituality.
9 (RLIN) 608
906 ## - LOCAL DATA ELEMENT F, LDF (RLIN)
a 7
b cbc
c orignew
d 2
e ncip
f 19
g y-gencatlg
942 ## - ADDED ENTRY ELEMENTS (KOHA)
Source of classification or shelving scheme Dewey Decimal Classification
Koha item type Books
Koha issues (borrowed), all copies 1
Holdings
Withdrawn status Lost status Source of classification or shelving scheme Damaged status Not for loan Home library Current Library Shelving location Date acquired Total checkouts Total renewals Full call number Barcode Date last seen Date last checked out Copy number Price effective from Koha item type
    Dewey Decimal Classification     GRACE BIBLE COLLEGE GRACE BIBLE COLLEGE Ministry & Mission 2017-04-26 3 1 248.4 SCH 006126 2025-05-01 2018-08-03 c.1 2017-04-26 Books
    Dewey Decimal Classification     GRACE BIBLE COLLEGE GRACE BIBLE COLLEGE Ministry & Mission 2026-02-19     248.4 SCH 017428 2026-02-19   c.2 2026-02-19 Books
© Grace Bible College Library 2025